[Event "Steyr Landesliga 1213"]
[Site "Austria"]
[Date "2012.11.03"]
[Round "3.6"]
[White "Horvath, Reka"]
[Black "Vilits, Andreas"]
[Result "1-0"]
[WhiteElo "2003"]
[BlackElo "2132"]
[PlyCount "79"]
[EventDate "2012.09.22"]
[EventType "team-tourn"]
[EventRounds "11"]
[EventCountry "AUT"]
[SourceTitle "EXT 2014"]
[Source "ChessBase"]
[SourceDate "2013.11.20"]
[SourceVersion "1"]
[SourceVersionDate "2013.11.20"]
[SourceQuality "1"]
[WhiteTeam "Feldbach Kirchberg"]
[BlackTeam "Graz Schachfreunde"]
[WhiteTeamCountry "AUT"]
[BlackTeamCountry "AUT"]

1. e4 e5 2. Nf3 Nc6 3. Bb5 Nd4 4. Nxd4 exd4 5. 0-0 c6 6. Bc4 Nf6 7. e5 d5 8. exd6 Bxd6 9. Re1+ Kf8 10. Qe2 Bg4 11. f3 h5 12. d3 Qc7 13. Bg5 Bxh2+ 14. Kh1 Re8 15. Qxe8+ Nxe8 16. Re7 Qg3 17. Rxf7+ Kg8 18. Bf4 Qe1+ 19. Kxh2 Be6 20. Bg3 Qe2 21. Re7 Nc7 22. Bxc7 Rh6 23. Na3 Rg6 24. Rg1 Qf2 25. Bxe6+ Rxe6 26. Bg3 Qe2 27. Rxe6 Qxe6 28. Re1 Qxa2 29. Nc4 b5 30. Re8+ Kh7 31. Nd6 Qd5 32. Be5 a5 33. Re7 Kh6 34. f4 a4 35. Rxg7 Qxe5 36. fxe5 Kxg7 37. Kg3 b4 38. Nc4 Kf7 39. Kf4 Ke6 40. Kg5 1-0

[Event "Weiz-ch op 11th"]
[Site "Weiz"]
[Date "2012.03.25"]
[Round "5.8"]
[White "Hoebarth, Guenter"]
[Black "Vilits, Andreas"]
[Result "0-1"]
[WhiteElo "1976"]
[BlackElo "2139"]
[PlyCount "74"]
[EventDate "2012.03.21"]
[EventType "swiss"]
[EventRounds "5"]
[EventCountry "AUT"]
[SourceTitle "EXT 2024"]
[Source "ChessBase"]
[SourceDate "2023.10.10"]
[SourceVersion "1"]
[SourceVersionDate "2023.10.10"]
[SourceQuality "1"]

1. e4 c6 2. d3 d5 3. Nd2 e5 4. g3 Nf6 5. Ngf3 Bd6 6. Bg2 0-0 7. 0-0 Bg4 8. h3 Bh5 9. Qe2 Nbd7 10. Re1 Qb6 11. Nf1 Rfe8 12. g4 Bg6 13. Ng3 Nc5 14. Nh4 dxe4 15. dxe4 Ne6 16. Ngf5 Bc5 17. Qf3 Rad8 18. c3 a5 19. b3 Rd7 20. Be3 Bxe3 21. Rxe3 Red8 22. Rae1 Nf4 23. Bf1 Rd2 24. Bc4 Qc5 25. a4 b5 26. axb5 cxb5 27. Bf1 Rb2 28. b4 axb4 29. cxb4 Qxb4 30. Rd1 Rdd2 31. Rc3 h6 32. Rxd2 Rxd2 33. Qe3 Rd1 34. Rb3 Qxe4 35. Ne7+ Kh7 36. Nexg6 Rxf1+ 37. Kh2 Rh1+ 0-1

[Event "Weiz-ch op 11th"]
[Site "Weiz"]
[Date "2012.03.22"]
[Round "2"]
[White "Vilits, Andreas"]
[Black "Kasparov, Sergey"]
[Result "0-1"]
[WhiteElo "2139"]
[BlackElo "2503"]
[PlyCount "81"]
[EventDate "2012.03.21"]
[EventType "swiss"]
[EventRounds "5"]
[EventCountry "AUT"]
[SourceTitle "EXT 2024"]
[Source "ChessBase"]
[SourceDate "2023.10.10"]
[SourceVersion "1"]
[SourceVersionDate "2023.10.10"]
[SourceQuality "1"]

1. e4 g6 2. d4 Bg7 3. Nc3 c6 4. Be3 d5 5. Qf3 Nf6 6. e5 Ng4 7. Bd3 f6 8. exf6 Bxf6 9. h3 Nxe3 10. Qxe3 Qb6 11. 0-0-0 Na6 12. f4 Nb4 13. g4 Bd7 14. Nf3 0-0-0 15. a3 Nxd3+ 16. Rxd3 Rhf8 17. Ne5 Qc7 18. Na4 b6 19. Rc3 Bxe5 20. fxe5 e6 21. Qe2 Rf4 22. Qd2 Rdf8 23. Re1 Kd8 24. b3 c5 25. dxc5 Bxa4 26. cxb6 Qxb6 27. bxa4 Rxa4 28. Qh6 Rf7 29. Qg5+ Kd7 30. Rb3 Qf2 31. Rb7+ Kc6 32. Rxf7 Qxe1+ 33. Kb2 Rc4 34. Rf3 Qd1 35. Rc3 Qd4 36. Qe3 Qxc3+ 37. Qxc3 Rxc3 38. Kxc3 Kc5 39. Kb3 d4 40. c4 g5 41. a4 0-1

[Event "Graz op-A"]
[Site "Graz"]
[Date "2008.09.03"]
[Round "5"]
[White "Vilits, Andreas"]
[Black "Nickl, Klaus"]
[Result "1/2-1/2"]
[WhiteElo "2037"]
[BlackElo "2162"]
[PlyCount "39"]
[EventDate "2008.08.30"]
[EventType "swiss"]
[EventRounds "9"]
[EventCountry "AUT"]
[SourceTitle "CBM 126 Extra"]
[Source "ChessBase"]
[SourceDate "2008.11.05"]
[SourceVersion "1"]
[SourceVersionDate "2008.11.05"]
[SourceQuality "1"]

1. d4 Nf6 2. c4 g6 3. Nc3 Bg7 4. e4 d6 5. Nf3 0-0 6. Be2 e5 7. 0-0 Nbd7 8. dxe5 dxe5 9. Be3 c6 10. Qd2 Ng4 11. Bg5 f6 12. Bh4 Qe7 13. Rfd1 Nh6 14. Qd6 Qxd6 15. Rxd6 Nf7 16. Rdd1 Nc5 17. b4 Na6 18. Rab1 Be6 19. Na4 b6 20. b5 1/2-1/2

[Event "Graz op-A"]
[Site "Graz"]
[Date "2008.08.30"]
[Round "1"]
[White "Hess, Christian"]
[Black "Vilits, Andreas"]
[Result "1/2-1/2"]
[WhiteElo "2235"]
[BlackElo "2037"]
[PlyCount "158"]
[EventDate "2008.08.30"]
[EventType "swiss"]
[EventRounds "9"]
[EventCountry "AUT"]
[SourceTitle "CBM 126 Extra"]
[Source "ChessBase"]
[SourceDate "2008.11.05"]
[SourceVersion "1"]
[SourceVersionDate "2008.11.05"]
[SourceQuality "1"]

1. Nf3 d5 2. c4 e6 3. g3 g6 4. Bg2 Bg7 5. 0-0 c5 6. cxd5 exd5 7. d4 cxd4 8. Nxd4 Nc6 9. Nxc6 bxc6 10. e4 Be6 11. exd5 cxd5 12. Nc3 Nf6 13. Qa4+ Qd7 14. Qxd7+ Kxd7 15. Rd1 Rhd8 16. Bg5 Ke8 17. Nb5 Rd7 18. Rac1 Rb8 19. Nc7+ Kf8 20. Nxe6+ fxe6 21. b3 Ne8 22. Rc6 Rb6 23. Rxb6 axb6 24. a4 Nc7 25. Rc1 h6 26. Bd2 g5 27. Rc6 Bd4 28. Be3 Be5 29. Rxb6 Bc3 30. Bc5+ Kf7 31. Rd6 Ke8 32. Bf1 Rxd6 33. Bxd6 Kd7 34. Bf8 h5 35. Bd3 e5 36. Bf5+ Kc6 37. Kf1 Na6 38. Bg6 h4 39. Be8+ Kb6 40. Be7 hxg3 41. hxg3 Nc5 42. Bd8+ Kb7 43. Bxg5 Nxb3 44. Bf6 Nd2+ 45. Kg2 Ne4 46. Bg7 Kb6 47. g4 Kc7 48. Bb5 Kd6 49. f3 Ng5 50. Bf8+ Kc7 51. Bh6 Ne6 52. Bc1 Nd4 53. Bd3 Kd7 54. Ba3 Ke6 55. Bc5 Kf6 56. Bb6 Nb3 57. Bd8+ Kg7 58. g5 Nc5 59. Bf6+ Kf7 60. Bb5 Ne6 61. Kg3 Nf8 62. Kg4 Nh7 63. Kf5 Nxf6 64. gxf6 e4 65. fxe4 dxe4 66. Bc4+ Kf8 67. Ke6 e3 68. Kf5 Ba5 69. Be2 Bb6 70. Ke5 Ba5 71. Bc4 Bd8 72. Ke6 Ba5 73. Bd3 Bd8 74. Kf5 Ba5 75. Bc4 Bd8 76. Ke6 Ba5 77. f7 Bb4 78. Kd7 e2 79. Bxe2 Kxf7 1/2-1/2

[Event "Graz op-B 12th"]
[Site "Graz"]
[Date "2005.09.09"]
[Round "7"]
[White "Vilits, Andreas"]
[Black "Meglitsch, Konstantin"]
[Result "1/2-1/2"]
[WhiteElo "1828"]
[BlackElo "1739"]
[PlyCount "40"]
[EventDate "2005.09.03"]
[EventType "swiss"]
[EventRounds "9"]
[EventCountry "AUT"]
[SourceTitle "EXT 2024"]
[Source "ChessBase"]
[SourceDate "2023.10.10"]
[SourceVersion "1"]
[SourceVersionDate "2023.10.10"]
[SourceQuality "1"]

1. d4 d5 2. c4 e6 3. Nc3 Nf6 4. Bg5 Be7 5. e3 0-0 6. Nf3 Nbd7 7. Qc2 c6 8. Rd1 Re8 9. Bd3 dxc4 10. Bxc4 Nd5 11. Bxe7 Qxe7 12. h4 h6 13. g4 b5 14. Bd3 Nb4 15. Bh7+ Kh8 16. Qb1 Nf6 17. a3 Nxh7 18. axb4 Bb7 19. Ne5 c5 20. Rh2 cxb4 1/2-1/2

[Event "Graz op-B 12th"]
[Site "Graz"]
[Date "2005.09.06"]
[Round "4"]
[White "Zechner, Andrea"]
[Black "Vilits, Andreas"]
[Result "1/2-1/2"]
[WhiteElo "1937"]
[BlackElo "1828"]
[PlyCount "20"]
[EventDate "2005.09.03"]
[EventType "swiss"]
[EventRounds "9"]
[EventCountry "AUT"]
[SourceTitle "EXT 2024"]
[Source "ChessBase"]
[SourceDate "2023.10.10"]
[SourceVersion "1"]
[SourceVersionDate "2023.10.10"]
[SourceQuality "1"]

1. d4 Nf6 2. c4 e6 3. Nc3 Bb4 4. Qc2 c5 5. e3 b6 6. Nf3 Bb7 7. Be2 Be4 8. Qa4 Bc6 9. Qc2 Be4 10. Qa4 Bc6 1/2-1/2